Sports Quiz

Random Sports or MLB Quiz
Score 0/46 Timer 08:00
0 Plays Today
Hits Player % Correct
3,236Albert Pujols
88.7%
2,866Miguel Cabrera
82.2%
2,314*Jeff Bagwell
80.7%
2,519Todd Helton
77.4%
2,721*Lou Gehrig
76.8%
3,020Rafael Palmeiro
74.1%
3,255*Eddie Murray
66.7%
2,153Don Mattingly
59.4%
2,445Mark Grace
58.5%
2,646*Jimmie Foxx
57.2%
2,599Steve Garvey
54.7%
2,490Fred McGriff
54%
2,010Jason Giambi
53.2%
2,211*Willie McCovey
52.5%
2,176Will Clark
48.8%
2,038Carlos Delgado
48.7%
2,732*Tony Perez
47.7%
2,050Adrian Gonzalez
45.7%
2,182Keith Hernandez
44.5%
2,239John Olerud
44.1%
2,333Andres Galarraga
41.7%
3,435*Cap Anson
40.8%
2,340Paul Konerko
38.1%
Hits Player % Correct
2,011*Johnny Mize
32.5%
2,351*Orlando Cepeda
30.5%
2,715Bill Buckner
30.4%
2,192Cecil Cooper
27.7%
2,812*George Sisler
27.6%
2,031Lee May
24.7%
2,193*Bill Terry
21.8%
2,060Wally Joyner
21.5%
2,109Chris Chambliss
17.3%
2,313*Jim Bottomley
12.5%
2,303*Dan Brouthers
12.2%
2,938*Jake Beckley
9.2%
2,467*Roger Connor
9%
2,495Mickey Vernon
8.4%
2,352Joe Judge
6.4%
2,158Hal Chase
4.7%
2,405Stuffy McInnis
3.6%
2,326Jake Daubert
3.5%
2,018George Burns
3.2%
2,299Charlie Grimm
2.7%
2,212Joe Kuhel
2.6%
2,150Ed Konetchy
2.5%
2,231Fred Tenney
2.5%
Remove Ads.
Support Sporcle.
Get the best of Sporcle when you Go Orange. This ad-free experience offers more features, more stats, and more fun while also helping to support Sporcle. Thank you for becoming a member.

You're not logged in!

Compare scores with friends on all Sporcle quizzes.
OR
Log In

Show Comments

Extras

Top Quizzes Today


Score Distribution

Your Account Isn't Verified!

In order to create a playlist on Sporcle, you need to verify the email address you used during registration. Go to your Sporcle Settings to finish the process.

Report this User

Report this user for behavior that violates our Community Guidelines.

Details: